000 00592nam a2200229Ia 4500
003 OSt
005 20250602105915.0
008 210210b2010 xxu||||| |||| 00| 0 eng d
020 _a9788180545405
040 _cAL
041 _aeng
082 _a658.001 VARM
100 _aVARSHNEY (R L)
_9126304
245 _aManagerial economics: text problems and cases Ed 19
250 _a19
260 _aNew Delhi
_bSultan Chand & Sons
_c2010
300 _axx,853,xvi
690 _aManagerial Economics
_9126305
700 _aMAHESHWARI (K L)
_9126306
906 _a064534
942 _2ddc
_cBK
999 _c141462
_d141462